Orangi Pilot Project (Record no. 549622)
[ view plain ]
| 000 -LEADER | |
|---|---|
| fixed length control field | 00428nam a22001457a 4500 |
| 020 ## - INTERNATIONAL STANDARD BOOK NUMBER | |
| International Standard Book Number | 0195979869 |
| 082 ## - DEWEY DECIMAL CLASSIFICATION NUMBER | |
| Classification number | 923 |
| Author Mark | AKH |
| -- | N-01, P-90 |
| 100 ## - MAIN ENTRY--PERSONAL NAME | |
| Personal name | Akhtar Hameed Khan |
| 9 (RLIN) | 46260 |
| 245 ## - TITLE STATEMENT | |
| Title | Orangi Pilot Project |
| Remainder of title | Orangi Pilot Project Reminiscences and Reflections |
| 260 ## - PUBLICATION, DISTRIBUTION, ETC. | |
| Place of publication, distribution, etc. | Oxford University Press |
| Date of publication, distribution, etc. | 2005 |
| 300 ## - PHYSICAL DESCRIPTION | |
| Extent | xivii, 175 P, : |
| 526 ## - STUDY PROGRAM INFORMATION NOTE | |
| Program name | 0 |
| Interest level | 0 |
| Reading level | 0 |
| Title point value | 923_000000000000000_AKH |
| 650 ## - SUBJECT ADDED ENTRY--TOPICAL TERM | |
| Topical term or geographic name entry element | MCE |
| 9 (RLIN) | 379 |
| 942 ## - ADDED ENTRY ELEMENTS (KOHA) | |
| Source of classification or shelving scheme | |
| Koha item type | Book |
| Withdrawn status | Lost status | Source of classification or shelving scheme | Damaged status | Not for loan | Permanent Location | Current Location | Date acquired | Total Checkouts | Full call number | Barcode | Date last seen | Price effective from | Koha item type |
|---|---|---|---|---|---|---|---|---|---|---|---|---|---|
| Military College of Engineering (MCE) | Military College of Engineering (MCE) | 09/30/2014 | 923 AKH | MCE-36358 | 09/30/2014 | 09/30/2014 | Book |
